书目信息 |
| 题名: |
毕达哥拉斯
|
|
| 作者: | 李斯 著 | |
| 分册: | ||
| 出版信息: | 西安 陕西师范大学出版总社 2017 |
|
| 页数: | 153页 | |
| 开本: | 24cm | |
| 丛书名: | “大家精要”丛书 | |
| 单 册: | ||
| 中图分类: | B502.14 | |
| 科图分类: | ||
| 主题词: | ||
| 电子资源: | ||
| ISBN: | 978-7-5613-8971-3 | |
| 000 | 00837oam2 2200253 450 | |
| 001 | 2073 | |
| 005 | 20180522163711.76 | |
| 010 | @a978-7-5613-8971-3@dCNY20.00 | |
| 100 | @a20171018d2017 em y0chiy50 ea | |
| 101 | 0 | @achi |
| 102 | @aCN@b610000 | |
| 105 | @ay z 000yb | |
| 200 | 1 | @a毕达哥拉斯@9bi da ge la si@dPythagoras@f李斯著@zeng |
| 210 | @a西安@c陕西师范大学出版总社@d2017 | |
| 215 | @a153页@d24cm | |
| 225 | 1 | @a“大家精要”丛书 |
| 330 | @a本书分为毕达哥拉斯及其学派、游学时代、万物皆数、这是一个和谐的宇宙、毕达哥拉斯的三大传人等8章介绍了毕达哥拉斯的一生。 | |
| 461 | 0 | @12001 @a“大家精要”丛书 |
| 510 | 1 | @aPythagoras@zeng |
| 600 | 0 | @a毕达哥拉斯@c(Pythagoras@f约前580-约前500)@x传记 |
| 690 | @aB502.14@v5 | |
| 701 | 0 | @a李斯@9li si@c(翻译)@4著 |
| 801 | 0 | @aCN@b91MARC@c20171018 |
| 905 | @aMuseLib@dB502.14@e121 | |
| 毕达哥拉斯=Pythagoras/李斯著.-西安:陕西师范大学出版总社,2017 |
| 153页;24cm.-(“大家精要”丛书) |
| ISBN 978-7-5613-8971-3:CNY20.00 |
| 本书分为毕达哥拉斯及其学派、游学时代、万物皆数、这是一个和谐的宇宙、毕达哥拉斯的三大传人等8章介绍了毕达哥拉斯的一生。 |
| ● |
| 相关链接 |
|
|
|
|
正题名:毕达哥拉斯
索取号:B502.14/121
 
预约/预借
| 序号 | 登录号 | 条形码 | 馆藏地/架位号 | 状态 | 备注 |
| 1 | 1107845 | 211078457 | 第一样本阅览室/ [索取号:B502.14/121] | 在馆 | |
| 2 | 1107846 | 211078466 | 教育系资料室/ [索取号:B502.14/121] | 在馆 | |
| 3 | 1107847 | 211078475 | 教育系资料室/ [索取号:B502.14/121] | 在馆 | |
| 4 | 1107848 | 211078484 | 第一借阅区/ [索取号:B502.14/121] | 在馆 |